| 000 | 01806cam a22003251i 4500 | ||
|---|---|---|---|
| 003 | SA-RiAUC | ||
| 005 | 20250523174950.0 | ||
| 008 | 250514s1994 ua g 00000bara c | ||
| 040 |
_aSA-RiAUC _bara _cSA-RiAUC _erda |
||
| 082 | 0 | 4 |
_a214.121 _qSA-RiAUC |
| 090 |
_a214.121 _bع ل و |
||
| 100 | 1 |
_aالعلواني، طه جابر فياض، _d1935-2016 _eمؤلف. |
|
| 245 | 1 | 0 |
_aابن تيمية وإسلامية المعرفة / _cطه جابر العلواني. |
| 250 | _aالطبعة الأولى. | ||
| 264 | 1 |
_aالقاهرة ؛ _aفرجينيا، الولايات المتحدة الأمريكية ؛ _aلندن ؛ _aهيرندن، الولايات المتحدة الأمريكية : _bالمعهد العالمي للفكر الإسلامي، _c1994 |
|
| 300 |
_a83 صفحة ؛ _c20 × 14 سم. |
||
| 336 |
_aنص _btxt _2rdacontent _3كتاب |
||
| 337 |
_aبدون وسيط _bn _2rdamedia |
||
| 338 |
_aمجلد _bnc _2rdacarrier |
||
| 490 | 0 |
_aسلسلة إسلامية المعرفة / المعهد العالمي للفكر الإسلامي ؛ _v13 |
|
| 600 | 1 | 7 |
_aابن تيمية، أحمد بن عبد الحليم بن عبد السلام، _d661-728 هجري _xآراء حول الفلسفة _2aucnm |
| 600 | 1 | 7 |
_aابن تيمية، أحمد بن عبد الحليم بن عبد السلام، _d661-728 هجري _xآراء حول المعرفة _2aucnm |
| 650 | 7 |
_aالإسلام والإصلاح الاجتماعي _2aucsh |
|
| 650 | 7 |
_aالإسلام والمعرفة _2aucsh |
|
| 650 | 7 |
_aالفلسفة الإسلامية _2aucsh |
|
| 650 | 7 |
_aالثقافة الإسلامية _2aucsh |
|
| 830 | 0 |
_aسلسلة إسلامية المعرفة (المعهد العالمي للفكر الإسلامي) _v13 |
|
| 942 |
_2ddc _cBOOK _n0 |
||
| 949 |
_aSA-JeALM _d250514 _umohamedma123 _n1 |
||
| 999 |
_c8308 _d8308 |
||